000 00521nam a22001337a 4500
040 _cNUST
082 _a220 PRO
100 _aMuhammad Luqman Nasir Muhammad Hamza Sarwar Noor ul Hassan Syed Wajahat Ali Bukhari
_998616
110 _aProject Supervisor: Dr. Muhammad Mubasher Saleem. Dr. Muwahida Liaquat
_998617
245 _aPR-SOF-2124-Development of an IOT Platform for Condition Monitoring of Industrial Motors
260 _aISLAMABAD:
_bNUST COLLEGE OF EME,
_c2022.
650 _aDE-MTS-40
_998604
942 _2ddc
_cPR
999 _c591329
_d591329